Biblioteca

Elogio de la lentitud: (Registro nro. 65206)

Detalles MARC
000 -LÍDER
Campo fijo de descripción fija 01783nam a2200385 i 4500
001 - NÚMERO DE CONTROL
Campo de control 768714001
003 - IDENTIFICADOR DEL NÚMERO DE CONTROL
Campo de control CO-MdFUSB
005 - FECHA Y HORA DE LA ULTIMA TRANSACCIÓN
control field 20191023113731.0
008 - ELEMENTOS DE LONGITUD FIJA -- INFORMACIÓN GENERAL
Campo fijo de descripción fija -- Información general 190911t2006 sp |||| |||| 00| 0 spa d
020 ## - NÚMERO INTERNACIONAL NORMALIZADO PARA LIBROS
Número Internacional Normalizado del libro 9788478715282
040 ## - FUENTE DE CATALOGACIÓN
Agencia de catalogación original CO-MdFUSB
Idioma de catalogación spa
Agencia que realiza la transcripción CO-MdFUSB
Agencia que realiza la modificación CO-MdFUSBC
Convenciones de la descripción rda
041 ## - CÓDIGO DE IDIOMA
Código de idioma para texto/pista de sonido o título separado spa
Código de idioma original eng
082 ## - NÚMERO DE CLASIFICACIÓN DECIMAL DEWEY
Número de la edición del Dewey 22
Número de clasificación 158
Clave de autor-Numero de item H774e
100 ## - ASIENTO PRINCIPAL--NOMBRE PERSONAL
Nombre personal Honoré, Carl.
Término relacionador autor
240 ## - TITULO UNIFORME
Título uniforme <a href="In praise of slow : how a worldwide movement is challenging the cult of speed.">In praise of slow : how a worldwide movement is challenging the cult of speed.</a>
245 1# - TÍTULO
Título del Material Elogio de la lentitud:
Parte restante del título - Subtitulo un movimiento de alcance mundial cuestiona el culto a la velocidad.
Mención de responsabilidad, etc. / Carl Honoré ; traducido por Jordi Fibla.
264 #1 - PRODUCCIÓN, PUBLICACIÓN, DISTRIBUCIÓN, MANUFACTURA, Y COPYRIGHT
Lugar de producción, publicación, distribución, manufactura Barcelona :
Nombre del productor, publicador, distribuidor RBA,
Fecha de producción, publicación, distribución, manufactura, o copyright [2006]
264 #4 - PRODUCCIÓN, PUBLICACIÓN, DISTRIBUCIÓN, MANUFACTURA, Y COPYRIGHT
Fecha de producción, publicación, distribución, manufactura, o copyright © 2006
300 ## - DESCRIPCIÓN FÍSICA
Extensión 331 páginas
Dimensiones ; 19 cm
336 ## - TIPO DE CONTENIDO
Fuente rdacontent
Término de tipo de contenido texto
Código de tipo de contenido txt
337 ## - TIPO DE MEDIO
Fuente rdamedia
Nombre del tipo de medio sin mediación
Código del tipo de medio n
338 ## - TIPO DE SOPORTE
Fuente rdacarrier
Nombre del tipo de soporte volumen
Código Tipo de soporte nc
490 ## - MENCIÓN DE SERIE
Mención de serie RBA bolsillo.
504 ## - NOTA DE BIBLIOGRAFÍA, ETC.
Nota de bibliografía, etc Incluye referencias bibliográficas (páginas 309-311)
505 ## - NOTA DE CONTENIDO
Nota de contenido con formato preestablecido La era del furor. -- Hacerlo todo más rápido. -- La lentitud es bella. -- La comida: volver las tornas a la rapidez. -- Las ciudades: la mezcla de lo antiguo y lo nuevo. -- El cuerpo y la mente: mens sana in corpore sano. -- La medicina: los médicos y la paciencia . -- El sexo: un amante con la mano más lenta. -- El trabajo: los beneficios de un trabajo menos arduo. -- El ocio: la importancia de descansar. -- Los hijos: la educación de niños pausados. -- Conclusión: la búsqueda del tiempo giusto.
563 ## - NOTA DE ENCUADERNACIÓN
Nota de encuadernación Rústico
650 #0 - ASIENTO SECUNDARIO DE MATERIA - TERMINO TEMÁTICO
9 (RLIN) 5
Término temático o nombre geográfico como elemento de entrada Sociología de la cultura
653 ## - TÉRMINO DE INDIZACIÓN - NO CONTROLADO
Término no controlado Técnicas de autoayuda.
653 ## - TÉRMINO DE INDIZACIÓN - NO CONTROLADO
Término no controlado Realización personal.
653 ## - TÉRMINO DE INDIZACIÓN - NO CONTROLADO
Término no controlado Vida cotidiana
653 ## - TÉRMINO DE INDIZACIÓN - NO CONTROLADO
Término no controlado Manejo del tiempo.
700 ## - ASIENTO SECUNDARIO - NOMBRE PERSONAL
9 (RLIN) 2402
Nombre personal Fibla, Jordi.
Responsabilidad traductor
942 ## - TIPO DE MATERIAL (KOHA)
Tipo de Item KOHA Libros General
945 ## - INFORMACIÓN LOCAL DEL REGISTRO
Catalogador JTF-925
Existencias
Estado de Material Estado de Perdido Forma de Clasificación Estado de Dañado No para Préstamo Colección Biblioteca de Origen Biblioteca Permanente Fecha de Adquisición Área Total de Préstamos Total de Renovaciones Signatura Topográfica Código de Barras Última vez visto Última vez Préstado Ejemplar/Existencia Fecha de Remplazo Tipo de Material
    Dewey Decimal Classification     Colección General Biblioteca FUSBC Biblioteca FUSBC 11/09/2019 CULTURA Y COSTUMBRES 1 2 G 158 H774e 4446 31/10/2023 28/09/2023 Ej. 1 11/09/2019 Libros General

Biblioteca FUSBC | Teléfono: (57+4) 349 88 10 Ext. 141| WhatsApp (+57) 3005338115 
E-mail: biblioteca@unisbc.edu.co | Calle 76 87-14 Robledo Palenque, Medellín, Colombia

Con tecnología Koha